[Event "Positano op 6th"]
[Site "Positano"]
[Date "2009.12.05"]
[Round "1"]
[White "Scola, Enrico"]
[Black "Martorelli, Antonio"]
[Result "0-1"]
[WhiteElo "1677"]
[BlackElo "2224"]
[PlyCount "70"]
[EventDate "2009.12.05"]
[EventType "swiss"]
[EventRounds "7"]
[EventCountry "ITA"]
[SourceTitle "EXT 2012"]
[Source "ChessBase"]
[SourceDate "2011.11.24"]
[SourceVersion "1"]
[SourceVersionDate "2011.11.24"]
[SourceQuality "1"]

1. e4 c5 2. c3 Nf6 3. e5 Nd5 4. d4 cxd4 5. cxd4 d6 6. Nf3 e6 7. Nc3 Nxc3 8. bxc3 Qc7 9. Bb2 Nd7 10. Qa4 Be7 11. Bd3 0-0 12. c4 dxe5 13. dxe5 Nc5 14. Qc2 Nxd3+ 15. Qxd3 Bb4+ 16. Bc3 Rd8 17. Qc2 Qxc4 18. Rc1 b6 19. Bxb4 Qxb4+ 20. Qc3 Qe4+ 21. Qe3 Qb4+ 22. Qc3 Qxc3+ 23. Rxc3 Ba6 24. Rc7 Rd5 25. h4 Rad8 26. Rc1 Ra5 27. Rc2 Bd3 28. Rd2 Rb5 29. h5 Rb1+ 30. Rd1 Rxd1+ 31. Kxd1 Be4+ 32. Nd2 Bxg2 33. Rg1 Bf3+ 34. Kc2 Bxh5 35. Ne4 Bg6 0-1